Statistics for Juice WRLD Discography

Click here to take the quiz!

General Stats

  • This quiz has been taken 550 times
    (224 since last reset)
  • The average score is 6 of 14

Answer Stats

TypeYearName% Correct
Album2019Death Race for Love
95%
Album2020Legends Never Die
94%
Album2018Goodbye & Good Riddance
90%
Album2021Fighting Demons
89%
Collaborative Mixtape2018Wrld on Drugs
84%
EP20179 9 9
52%
EP2018Too Soon...
25%
EP2016Juiced Up the EP
17%
EP2017BingeDrinkingMusic
11%
EP2017Nothings Different
11%
Mixtape2015What Is Love?
11%
EP2017Heartbroken in Hollywood 9 9 9
10%
EP2017Affliction
9%
EP2018Up Next Session: Juice Wrld
6%

Score Distribution

Percentile by Number Answered

Percent of People with Each Score

Your Score History

You have not taken this quiz since the last reset